000 00713cab a2200229 4500
001 WB3235-11
008 090401t1996 xxu||||| |||| 00| 0 eng d
035 _a(Sirsi) u1346
041 _aeng
245 _aRebuilding Manchester
260 _c1996
350 _a0
490 _aFinancial Times
_v18 September 1996, 8(2)
520 _aDiscusses the options open to Manchester in rebuilding the bomb-damaged city centre. Developers can repair planning mistakes of the 1960s and attract shoppers to the city centre.
650 _aBOMB DAMAGE
650 _aMANCHESTER
650 _aREDEVELOPMENT
650 _aRETAIL PROPERTY
690 _aPROPERTY-PROPERTY DEVELOPMENT
942 _n0
948 _c04/03/1997
999 _c739
_d739